<?xml version="1.0" encoding="UTF-8"?>
<record
    xmlns:xsi="http://www.w3.org/2001/XMLSchema-instance"
    xsi:schemaLocation="http://www.loc.gov/MARC21/slim http://www.loc.gov/standards/marcxml/schema/MARC21slim.xsd"
    xmlns="http://www.loc.gov/MARC21/slim">

  <leader>00752nam a2200181Ia 4500</leader>
  <controlfield tag="008">090630s9999    xx            000 0 und d</controlfield>
  <datafield tag="082" ind1=" " ind2=" ">
    <subfield code="b">6955</subfield>
  </datafield>
  <datafield tag="100" ind1=" " ind2=" ">
    <subfield code="a">&#x914;&#x930;&#x902;&#x917;&#x93E;&#x92C;&#x93E;&#x926;&#x915;&#x930; &#x905;&#x928;&#x941;&#x930;&#x93E;&#x927;&#x93E;.</subfield>
  </datafield>
  <datafield tag="245" ind1=" " ind2=" ">
    <subfield code="a">&#x92C;&#x93E;&#x92F;&#x915;&#x94B;&#x932;&#x93E; &#x92E;&#x93E;&#x930;&#x923;&#x93E;&#x930;&#x93E; &#x928;&#x935;&#x930;&#x93E;.</subfield>
    <subfield code="c">&#x914;&#x930;&#x902;&#x917;&#x93E;&#x92C;&#x93E;&#x926;&#x915;&#x930; &#x905;&#x928;&#x941;&#x930;&#x93E;&#x927;&#x93E;.</subfield>
  </datafield>
  <datafield tag="260" ind1=" " ind2=" ">
    <subfield code="b">&#x935;&#x93F;&#x936;&#x94D;&#x935; &#x92E;&#x94B;&#x939;&#x93F;&#x928;&#x940;.</subfield>
    <subfield code="c">1980</subfield>
  </datafield>
  <datafield tag="300" ind1=" " ind2=" ">
    <subfield code="a">90</subfield>
  </datafield>
  <datafield tag="600" ind1=" " ind2=" ">
    <subfield code="a">&#x914;&#x930;&#x902;&#x917;&#x93E;&#x92C;&#x93E;&#x926;&#x915;&#x930; &#x905;&#x928;&#x941;&#x930;&#x93E;&#x927;&#x93E;.</subfield>
  </datafield>
  <datafield tag="630" ind1=" " ind2=" ">
    <subfield code="a">&#x92C;&#x93E;&#x92F;&#x915;&#x94B;&#x932;&#x93E; &#x92E;&#x93E;&#x930;&#x923;&#x93E;&#x930;&#x93E; &#x928;&#x935;&#x930;&#x93E;.</subfield>
  </datafield>
  <datafield tag="655" ind1=" " ind2=" ">
    <subfield code="a">&#x932;&#x918;&#x941;&#x915;&#x925;&#x93E;.</subfield>
  </datafield>
  <datafield tag="700" ind1=" " ind2=" ">
    <subfield code="a">&#x914;&#x930;&#x902;&#x917;&#x93E;&#x92C;&#x93E;&#x926;&#x915;&#x930; &#x905;&#x928;&#x941;&#x930;&#x93E;&#x927;&#x93E;.</subfield>
  </datafield>
  <datafield tag="730" ind1=" " ind2=" ">
    <subfield code="a">&#x92C;&#x93E;&#x92F;&#x915;&#x94B;&#x932;&#x93E; &#x92E;&#x93E;&#x930;&#x923;&#x93E;&#x930;&#x93E; &#x928;&#x935;&#x930;&#x93E;.</subfield>
  </datafield>
  <datafield tag="942" ind1=" " ind2=" ">
    <subfield code="c">BOOK</subfield>
  </datafield>
  <datafield tag="999" ind1=" " ind2=" ">
    <subfield code="c">258811</subfield>
    <subfield code="d">258811</subfield>
  </datafield>
  <datafield tag="952" ind1=" " ind2=" ">
    <subfield code="0">0</subfield>
    <subfield code="1">0</subfield>
    <subfield code="4">0</subfield>
    <subfield code="7">0</subfield>
    <subfield code="a">SAWASHRI</subfield>
    <subfield code="b">SAWASHRI</subfield>
    <subfield code="d">0000-00-00</subfield>
    <subfield code="g">12.00</subfield>
    <subfield code="l">0</subfield>
    <subfield code="o">6955</subfield>
    <subfield code="p">SAWASHRI-6955</subfield>
    <subfield code="r">2009-06-30 00:00:00</subfield>
    <subfield code="v">12.00</subfield>
    <subfield code="w">2009-06-30</subfield>
    <subfield code="y">BOOK</subfield>
  </datafield>
</record>
